<?xml version="1.0" encoding="UTF-8"?>
<marc:record xmlns:marc="http://www.loc.gov/MARC21/slim">
   <marc:leader>00000nam a2200000 a 4500</marc:leader>
   <marc:datafield ind1="1" ind2=" " tag="100">
      <marc:subfield code="a">Gennip, Simonne van</marc:subfield>
      <marc:subfield code="4">aut</marc:subfield>
      <marc:subfield code="e">Verfasser/-in</marc:subfield>
   </marc:datafield>
   <marc:datafield ind1="1" ind2=" " tag="100">
      <marc:subfield code="a">Schroth, Simone</marc:subfield>
   </marc:datafield>
   <marc:datafield ind1=" " ind2=" " tag="653">
      <marc:subfield code="a">Schlaganfall</marc:subfield>
   </marc:datafield>
   <marc:datafield ind1=" " ind2=" " tag="653">
      <marc:subfield code="a">Schwangerschaft</marc:subfield>
   </marc:datafield>
   <marc:datafield ind1="0" ind2="0" tag="245">
      <marc:subfield code="a">Mit dir kommt ein neuer Morgen</marc:subfield>
   </marc:datafield>
   <marc:datafield ind1="0" ind2="0" tag="245">
      <marc:subfield code="b">wie mein Baby mir half, nach einem Schlaganfall zurück ins Leben zu finden</marc:subfield>
   </marc:datafield>
   <marc:datafield ind1="0" ind2="0" tag="245">
      <marc:subfield code="c">Simonne van Gennip ; aus dem Niederländischen von Simone Schroth</marc:subfield>
   </marc:datafield>
   <marc:datafield ind1=" " ind2="1" tag="264">
      <marc:subfield code="a">Köln</marc:subfield>
      <marc:subfield code="b">Bastei Lübbe Taschenbuch</marc:subfield>
   </marc:datafield>
   <marc:datafield ind1="1" ind2=" " tag="490">
      <marc:subfield code="a">Erfahrungen</marc:subfield>
      <marc:subfield code="v">60936</marc:subfield>
   </marc:datafield>
   <marc:datafield ind1=" " ind2=" " tag="250">
      <marc:subfield code="a">Deutsche Erstausgabe</marc:subfield>
   </marc:datafield>
   <marc:datafield ind1="1" ind2=" " tag="520">
      <marc:subfield code="a">Die Vorfreude der schwangeren Simonne ist riesig: In nur wenigen Wochen soll ihre Tochter das Licht der Welt erblicken. Doch dann geschieht das Unfassbare und Simonne erleidet einen Schlaganfall. Von einem Tag auf den anderen kann sie nicht mehr richtig sprechen, sich kaum noch bewegen und ist bei allem auf die Hilfe von Pflegern und Angehörigen angewiesen. Das kleine Wesen in ihrem Bauch aber hat wie durch ein Wunder überlebt und kommt gesund zur Welt. Julie ist der Name der Tochter und eines der ersten Wörter, die Simonne wieder sagen kann. Wird sie es schaffen, mit ihrem Mädchen ins Leben hineinzuwachsen und all die verloren geglaubten Fähigkeiten von Neuem zu lernen?</marc:subfield>
   </marc:datafield>
   <marc:datafield ind1=" " ind2=" " tag="020">
      <marc:subfield code="a">9783404609369</marc:subfield>
      <marc:subfield code="9">9783404609369</marc:subfield>
   </marc:datafield>
   <marc:datafield ind1=" " ind2=" " tag="020">
      <marc:subfield code="a">3404609360</marc:subfield>
      <marc:subfield code="9">3404609360</marc:subfield>
   </marc:datafield>
   <marc:datafield ind1=" " ind2=" " tag="300">
      <marc:subfield code="a">236 Seiten</marc:subfield>
   </marc:datafield>
</marc:record>
